000 00467nam a2200193Ia 4500
005 20240823045242.0
008 240823s9999||||xx |||||||||||||| ||und||
020 _a81-8209-063-6
041 _aENGLISH
082 _A530 Q0
100 _aKumar J et al.
245 0 _aEngineering Physics-I
250 _a1st
260 _c2010
_bMcGraw - Hill Higher Educ
_aNew York
500 _aYES
650 _aEngineering Physics
_bPhysics
942 _cBK
999 _c214533
_d214533